| 000 | 00521nam a22001817a 4500 | ||
|---|---|---|---|
| 005 | 20230421100213.0 | ||
| 008 | 230421b ||||| |||| 00| 0 eng d | ||
| 040 | _cAL | ||
| 041 | _aEnglish | ||
| 082 |
_223 _a310/110 _bSRIC |
||
| 100 |
_aM N Srinivas _991343 |
||
| 245 | _aCaste in Modern India and other Essays | ||
| 260 |
_aBombay _bMedia Promoters and Publishers Pvt Ltd _c1962 |
||
| 300 |
_aviii,171 p. _bPB _c21.5x14 cm. |
||
| 650 |
_aSocial Classes _991344 |
||
| 700 |
_aSRINIVAS (M N) _991345 |
||
| 942 |
_2ddc _cSG |
||
| 999 |
_c227243 _d227243 |
||